000 00841nas a2200277 4500
001 BR0800749
003 BR-BrBNA
005 20231205111545.0
007 ta
008 230509b bl.|||p| |||| 00| 00por d
040 _aBR-BrBNA
_bpor
_cBiblioteca Nacional de Agricultura
041 _a(Pt)
072 _aL53; L10
100 1 _aJobim, M.I.M.
100 1 _aFilho, A.M.
245 1 _aValorização macro e microscópica do sêmen de carneiros usados em inseminação artificial
650 _aCARNEIRO
650 _aREPRODUTOR
650 _aSÊMEN
650 _aMICROSCÓPIO
650 _aINSEMINAÇÃO ARTIFICIAL
650 _aRIO GRANDE DO SUL
773 0 _tRevista de Reprodução Animal (Brazil)
_xISSN 0102-0803
_g(1982), v. 6(1-2) p. 31-37
_wBR0800749
909 _a202311
_bLúcia
_c55
_dLúcia Elande
942 _2AGRIS
_n0
_cANA
999 _c193304
_d193304